000 00926cam a22002654a 4500
001 14079095
005 20250903090616.0
008 050818s2005 ilu b 001 0 eng
020 _a0830815481
_qcloth : alk. paper
020 _a0830827641
_qpbk. : alk. paper
020 _a9780830815487
_q(cloth : alk. paper)
020 _a9780830827640
_q(pbk. : alk. paper)
050 0 0 _aBV4012.27
_b.W668 2005
082 0 0 _a259/.14
_222
100 1 _aWorthington, Everett L.,
_cJr.,
_d1946-
245 1 0 _aHope-focused marriage counseling :
_ba guide to brief therapy /
_cEverett L. Worthington Jr.
250 _aExpanded pbk. ed.
260 _aDowners Grove, Ill. :
_bInterVarsity Press,
_cc2005.
300 _axli, 311 p. ;
_c23 cm.
650 0 _aMarriage counseling.
650 0 _aPastoral counseling.
650 0 _aMarriage
_xReligious aspects
_xChristianity.
650 0 _aSolution-focused brief therapy.
942 _2lcc
_cBK
_n0
999 _c7440
_d7440